000 nam a22 7a 4500
999 _c2270
_d2270
005 20170515170059.0
008 170515b2006 my ||||| |||| 00| 0 eng d
040 _aAKMAL
082 _a383.09595 PER
090 _a383.09595
_bPER
245 _a2007 Budget Commentary & Tax Information
260 _aMalaysia
_bThe Malaysian Institute of Certified Public Accountants
_bMalaysian Institute of Accountants
_bMalaysian Institute of Taxation
300 _a295p
_ccm
942 _2ddc
_cBOOK